|
|
|
|
| LEADER |
00000nas a2200000 a 4500 |
| 001 |
ssj0013091 |
| 003 |
WaSeSS |
| 005 |
20200512172242.0 |
| 006 |
m d |
| 007 |
cr n |
| 008 |
020116c19769999enkfr pss 0 0eng c |
| 010 |
|
|
|a 2008233802
|
| 022 |
|
|
|a 1471-6445
|l 0147-5479
|y 0147-5479
|
| 035 |
|
|
|a (WaSeSS)ssj0013091
|
| 040 |
|
|
|a NKM
|b eng
|c NKM
|d OCL
|d OCLCQ
|d GUA
|d RUQBL
|d CIT
|d EYM
|d HUL
|d OCLCQ
|d DLC
|d OCLCF
|d OCLCO
|d OCLCQ
|d GILDS
|d OCLCO
|d VT2
|d WaSeSS
|
| 042 |
|
|
|a pcc
|
| 050 |
1 |
4 |
|a HD4802
|
| 130 |
0 |
|
|a International labor and working class history (Online)
|
| 245 |
1 |
0 |
|a International labor and working class history
|h [electronic resource].
|
| 260 |
|
|
|a Los Angeles :
|b Study Group on International Labor and Working Class History,
|c 1976-
|
| 310 |
|
|
|a Semiannual
|
| 362 |
0 |
|
|a No. 9 (May 1976)-
|
| 500 |
|
|
|a Title from cover (JSTOR, viewed Nov. 20, 2009).
|
| 500 |
|
|
|a Published for International Labor and Working-Class History, Inc.
|
| 500 |
|
|
|a Published: Champaign : University of Illinois Press, 1985-1992; Cambridge : Cambridge University Press, 1993-
|
| 506 |
|
|
|a License restrictions may limit access.
|
| 538 |
|
|
|a Mode of access: World Wide Web.
|
| 588 |
|
|
|a Latest issue consulted: Vol. 73, issue 1 (spring 2008) (Cambridge Journals, viewed June 5, 2008).
|
| 650 |
|
0 |
|a Working class
|x History
|v Periodicals.
|
| 650 |
|
6 |
|a Travailleurs
|x Histoire
|v Périodiques.
|
| 650 |
|
7 |
|a Working class.
|2 fast
|0 (OCoLC)fst01180418
|
| 655 |
|
0 |
|a Electronic journals.
|
| 710 |
2 |
|
|a Study Group on International Labor and Working Class History.
|
| 776 |
0 |
8 |
|i Print version:
|t International labor and working class history
|x 0147-5479
|w (DLC) 87649765
|w (OCoLC)2270929
|
| 780 |
0 |
0 |
|t Newsletter, European labor and working class history
|w (DLC) 2009235760
|w (OCoLC)468009508
|
| 856 |
4 |
0 |
|z Full text available from Research Library: 04/01/2001 to 12/31/2005
|u https://search.proquest.com/publication/32780
|
| 856 |
4 |
0 |
|z Full text available from Research Library: 01/01/2007 to 1 year ago
|u https://search.proquest.com/publication/32780
|